000 00441nam a2200133Ia 4500
008 100328s9999 xx 000 0 und d
082 _b17569
100 _aवाजपेयी भगवतीप्रसाद
245 _aपतिता की साधना
260 _bशिक्षा भारती
630 _aपतिता की साधना
730 _aपतिता की साधना
942 _cBOOK
999 _c512129
_d512126